000 00358cam a22001337a 4500
008 180718b1983 xxu||||| |||| 00| 0 eng d
082 _aYA6 Sh42
100 _aShekhawat, V.
245 _aTechnology and the pursuit of freedom
_cby V. Shekhawat
260 _aNew Delhi
_bNational
_c1983
300 _a128p.
650 _aCivil liberties
650 _aTechnology
999 _c354335
_d354335